• 首页
  • 本馆介绍
  • 公告通知
  • 最新文献
  • 馆藏检索
  • 电子资源
  • 读者导购
  • 参考咨询
  • 我的图书馆
  • 登录
  • 详细信息显示
  • 放入我的书架
  • 预约/预借图书
  • 作者相关作品
  • 分类相关作品
  • 丛书相关作品
  • 出版社相关作品

书目信息

  • 表格格式
  • 工作单格式
  • 卡片格式
题名:
中国现代文学作品选
    
 
作者: 钱谷融 主编
分册: 上卷   小说
出版信息: 上海   华东师范大学出版社  1989.10
页数: 597页
开本: 20cm
丛书名:
单 册:
中图分类: I217.1 , I211
科图分类:
主题词: 文学--作品集--中国 , 文学--中国--现代--高等学校--教材 , 小说--中国--1919~1949年--选集
电子资源:
ISBN: 7-5617-0446-1
000 00904nam0 2200265 45
001 0190008466
005 20070611080941.15
010    @a7-5617-0446-1@dCNY4.00
100    @a19921201d1989 em y0chiy0121 ea
101 0  @achi
102    @aCN@b310000
105    @ay z 000ay
200 10 @a中国现代文学作品选@AZHONG GUO XIAN DAI WEN XUE ZUO PIN XUAN@h上卷@i小说@IXIAO SHUO@e1919~1949@f钱谷融主编@FQIAN GU RONG ZHU BIAN
210    @a上海@c华东师范大学出版社@d1989.10
215    @a597页@d20cm
300    @a高等学校文科教材
540 1  @a中国 现代 文学 作品选 小说@AZHONG GUO XIAN DAI WEN XUE ZUO PIN XUAN XIAO SHUO
606 0  @a文学@x作品集@x中国
606    @a文学@y中国@z现代@x高等学校@x教材
606    @a小说@y中国@z1919~1949年@x选集
690    @aI217.1@v三版
690    @aI211
701  0 @a钱谷融@AQIAN GU RONG@4主编
801  0 @aCN@bNLC@c20070611
905    @f1@b226269@dI211@e270:1
    
    中国现代文学作品选.上卷.小说:1919~1949/钱谷融主编.-上海:华东师范大学出版社,1989.10
    597页;20cm
    高等学校文科教材
    
    ISBN 7-5617-0446-1:CNY4.00
    
●
相关链接 在E读中查询图书 在五车中查询图书 在当当中查询图书 在豆瓣中查询图书


正题名:中国现代文学作品选     索取号:I211/270:1         预约/预借

序号 登录号 条形码 馆藏地/架位号 状态 备注
1 0226269   000232260   第二借阅区/ [索取号:I211/270:1] 在馆    
2 0226270   000232322   第二借阅区/ [索取号:I211/270:1] 在馆    
3 0226271   202079570   第一样本阅览室/ [索取号:I211/270:1] 在馆    
4 0255959   001624816   密集书库/ [索取号:I211/270:1] 在馆    
5 0255960   000232215   第二借阅区/ [索取号:I211/270:1] 在馆    
6 0255961   001625012   密集书库/ [索取号:I211/270:1] 在馆    
7 0255962   001625058   密集书库/ [索取号:I211/270:1] 在馆    
8 0255963   000232199   第二借阅区/ [索取号:I211/270:1] 在馆    
9 0255964   000232279   第二借阅区/ [索取号:I211/270:1] 在馆    
10 0255965   001625101   密集书库/ [索取号:I211/270:1] 在馆    
11 0255966   000232313   第二借阅区/ [索取号:I211/270:1] 在馆    
12 0255967   000232251   第二借阅区/ [索取号:I211/270:1] 在馆    
13 0255968   001624978   密集书库/ [索取号:I211/270:1] 在馆    
14 0400742   204007421   密集书库/ [索取号:I211/270:1] 在馆    
15 0400743   204007430   密集书库/ [索取号:I211/270:1] 在馆    
16 0400744   204007449   密集书库/ [索取号:I211/270:1] 在馆    
17 0400745   204007458   密集书库/ [索取号:I211/270:1] 在馆    
18 0400746   204007467   密集书库/ [索取号:I211/270:1] 在馆    
19 0400747   204007476   密集书库/ [索取号:I211/270:1] 在馆    
20 0400748   204007485   密集书库/ [索取号:I211/270:1] 在馆    
21 0400749   204007494   密集书库/ [索取号:I211/270:1] 在馆    
22 0400750   204007500   密集书库/ [索取号:I211/270:1] 在馆    
23 0400751   204007519   密集书库/ [索取号:I211/270:1] 在馆    
24 0400752   204007528   密集书库/ [索取号:I211/270:1] 在馆    
25 0400753   204007537   密集书库/ [索取号:I211/270:1] 在馆    
26 0400754   204007546   密集书库/ [索取号:I211/270:1] 在馆    
27 0400755   204007555   密集书库/ [索取号:I211/270:1] 在馆    
28 0400756   204007564   密集书库/ [索取号:I211/270:1] 在馆    
29 0400757   204007573   密集书库/ [索取号:I211/270:1] 在馆    
30 0400758   204007582   密集书库/ [索取号:I211/270:1] 在馆    
31 0400759   204007591   密集书库/ [索取号:I211/270:1] 在馆    
32 0400760   204007608   密集书库/ [索取号:I211/270:1] 在馆    
33 0400761   204007617   密集书库/ [索取号:I211/270:1] 在馆    
34 0400762   204007626   密集书库/ [索取号:I211/270:1] 在馆    
35 0400763   204007635   密集书库/ [索取号:I211/270:1] 在馆    
36 0400764   204007644   密集书库/ [索取号:I211/270:1] 在馆    
37 0400765   204007653   密集书库/ [索取号:I211/270:1] 在馆    
38 0400766   204007662   密集书库/ [索取号:I211/270:1] 在馆    
39 0400767   204007671   密集书库/ [索取号:I211/270:1] 在馆    
40 0400768   204007680   密集书库/ [索取号:I211/270:1] 在馆    
41 0400769   204007699   密集书库/ [索取号:I211/270:1] 在馆    
42 0400770   204007706   密集书库/ [索取号:I211/270:1] 在馆    
43 0400771   204007715   密集书库/ [索取号:I211/270:1] 在馆    
44 0400772   204007724   密集书库/ [索取号:I211/270:1] 在馆    
45 0400773   204007733   密集书库/ [索取号:I211/270:1] 在馆    
46 0400774   204007742   密集书库/ [索取号:I211/270:1] 在馆    
47 0400775   204007751   密集书库/ [索取号:I211/270:1] 在馆    
48 0400776   204007760   密集书库/ [索取号:I211/270:1] 在馆    
49 0400777   204007779   密集书库/ [索取号:I211/270:1] 在馆    
50 0400778   204007788   密集书库/ [索取号:I211/270:1] 在馆    
51 0400779   204007797   密集书库/ [索取号:I211/270:1] 在馆    
52 0400780   204007804   密集书库/ [索取号:I211/270:1] 在馆    
53 0400781   204007813   密集书库/ [索取号:I211/270:1] 在馆    
54 0400782   204007822   密集书库/ [索取号:I211/270:1] 在馆    
55 0400783   204007831   密集书库/ [索取号:I211/270:1] 在馆    
56 0400784   204007840   密集书库/ [索取号:I211/270:1] 在馆    
57 0400785   204007859   密集书库/ [索取号:I211/270:1] 在馆    
58 0400786   204007868   密集书库/ [索取号:I211/270:1] 在馆    
59 0628522   206285223   密集书库/ [索取号:I211/270:1] 在馆    
60 0628523   206285232   密集书库/ [索取号:I211/270:1] 在馆    
唐山师范学院图书馆 欢迎您!
大连网信软件有限公司© 版权所有